000 00718nam a22002177a 4500
003 OSt
005 20230118103340.0
008 221021b |||||||| |||| 00| 0 eng d
040 _cBiblioteca LadoV
082 _a700.74
_bM321b
100 _9552
_aMarco, Mario
_eeditor
245 _a5 Bienal Iberoamericana de diseño/
260 _aEspaña
_bFundación Diseño Madrid
300 _a355p.
_c24x22cm
650 _2Tesauro de Arte & Arquitectura
_aDISENO
650 _2Tesauro de Arte & Arquitectura
_aARTE
650 _2Tesauro de Arte & Arquitectura
_aBIENAL
650 _2Tesauro de Arte & Arquitectura
_aCATALOGO
700 _aVich, Victor
_eeditor
942 _2ddc
_c1
_h700.74
_iM321b
_n0
999 _c2808
_d2808